000 00520nam a2200181Ia 4500
003 GCL
008 140319s9999 xx 000 0 eng d
040 _aGCL /
_cGCL
082 0 4 _a620.003
_bP M
100 1 _aPARKER, SYBIL
245 1 0 _aMC GRAW - HILL DICTIONARY OF ENGINEERING /
_cPARKER, SYBIL
260 _a[S.N] :
_bMC GRAW - HILL ،
_c1997
300 _a582 P
650 0 4 _aالتحليل الرياضى
650 0 4 _aالمجموعات النادرة
650 0 4 _aENGINEERING - DICTIONARY
942 _2ddc
_cBK
999 _c16251
_d16251